000 01441cam a22002054a 4500
005 20250605163938.0
008 250528s ||||||||||||||||||||||||d
035 _a14936
020 _a273646834
040 _aGR-AtMCL
_bgre
_dGR-AtMCL
_eAACR2
245 1 _aAccounting for Non-Accounting Students / Fifth Edition
250 _a5th
260 _bFinancial Times - Prentice Hall,
_c2001
300 _a484
520 _aThis book presents the basic principles of both financial and management accounting in an accessible, non-technical way, making it the ideal text for students from a broad range of disciplines taking a first course in accounting. Preface, Acknowledgements, Introduction to Accounting, The Accounting World, Financial Accounting and Reporting, Accounting Rules, Recording Data, Trading Entity Accounts, Accounting for Adjustments, Company Accounts, Other Accounts, Cash Flow Statements, Interpretation of Accounts, Disclosure of Information, The Annual Report, Contemporary Issues in Financial Reporting, Management Accounting, The Framework of Management Accounting, Cost Accounting, Planning and Control: Budgeting, Planning and Control: Standard Costing, Decision Making: Contribution Analysis, Decision Making: Specific Decisions, Decision Making: Capital Investment, Contemporary Issues in Management Accounting, Appendices, Index.
700 1 _aDyson J.R
_9747
942 _cBK
999 _c546
_d546